Statistiques concernant Devinez le club de foot avec le logo aléatoire

Cliquez ici pour prendre le quiz!

Statistiques générales

  • Ce quiz a été pris 1 082 fois
    (794 depuis la dernière actualisation)
  • Le résultat moyen est 9 sur 20

Statistiques - réponses

Réponse% Correct
Ajaccio
100%
Al-Hilal
100%
Aston Villa
100%
Auxerre
100%
Brest
100%
Chelsea
100%
Copenhague
100%
Flamengo
100%
Galatasaray
100%
Inter
100%
Juventus
100%
Le Mans
100%
Lille
100%
Lorient
100%
Manchester City
100%
Marseille
100%
Schalke O4
100%
Séville
100%
Strasbourg
100%
West Ham United
100%
Liverpool
95%
PSG
95%
Bordeaux
93%
Metz
93%
Newcastle United
93%
Real Betis
93%
Benfica
92%
Paris
92%
Swansea City
92%
Manchester United
91%
Naples
91%
Real Madrid
91%
Bâle
90%
Fiorentina
90%
Getafe
90%
LA Galaxy
89%
Montpellier
89%
Saint-Etienne
89%
Zénith Saint-Petersbourg
89%
Ajax Amsterdam
88%
Nantes
88%
Nice
88%
Southampton
88%
Al Nassr
87%
Amiens
86%
Brentford
86%
Malmö
86%
Anderlecht
85%
Arsenal
85%
Borrussia Dortmund
83%
Bournemouth
83%
Brighton & Hove Albion
83%
Lyon
83%
Rennes
83%
Toulouse
83%
Atlético Madrid
82%
Barcelone
82%
Derby County
82%
Grenade
82%
Valence
82%
Celta Vigo
81%
Leicester City
81%
Besiktas
80%
Everton
80%
Fribourg
80%
Los Angeles
80%
Majorque
80%
Reims
80%
Watford
80%
Werder Brême
80%
Bastia
79%
Leeds United
79%
Qarabag
79%
Real Sociedad
79%
Châteauroux
78%
Fulham
78%
Girona
78%
Hambourg
78%
Sochaux
78%
Stuttgart
78%
Burnley
77%
Dijon
77%
Elche
77%
Feyenoord
77%
Levante
77%
Olympiakos
77%
Santos
77%
Botafogo
75%
Charlton Athletic
75%
Crystal Palace
75%
Etoile Rouge
75%
Genk
75%
PSV Eindhoven
75%
Salzburg
75%
Tottenham Hotspur
75%
Dynamo Kiev
73%
Grêmio
73%
Nimes
73%
Rodez
73%
Standard de Liège
73%
New York City
71%
Luton Town
70%
Rayo Vallecano
70%
River Plate
70%
Stade Lavallois
70%
Torino
70%
Union Saint-Gilloise
70%
Valenciennes
70%
Viktoria Plzen
70%
Wolverhampton Wanderers
70%
Athletic Bilbao
69%
Club América
69%
Parme
69%
Red Star
69%
AEK Athènes
67%
Almería
67%
Annecy
67%
Atlanta United
67%
Deportivo Alavés
67%
Eintracht Francfort
67%
Huesca
67%
Nancy
67%
Nottingham Forest
67%
Royal Antwerp
67%
Venise
67%
Bodø/Glimt
64%
Deportivo La Corogne
64%
Guingamp
64%
Hellas Vérone
64%
Mainz 05
64%
Molde
64%
Osasuna
64%
Slavia Prague
64%
Cannes
63%
Dinamo Zagreb
63%
Gazélec Ajaccio
63%
Las Palmas
63%
Shaktar Donetsk
63%
Sheriff Tiraspol
63%
Villarreal
63%
Wolfsbourg
63%
Cadix
62%
Eibar
62%
Genoa
62%
Norwich City
62%
Sampdoria
62%
Young Boys
62%
Cardiff City
60%
Dunkerque
60%
Grenoble
60%
Pau
60%
Sporting Gijón
60%
Nuremberg
59%
La Gantoise
58%
Sao Paulo
58%
Stoke City
58%
Birmingham
57%
Sheffield United
57%
Blackburn Rovers
56%
Toronto
55%
Middlesbrough
54%
Real Valladolid
54%
Zürich
54%
Queens Park Rangers
53%
Atlético Mineiro
50%
Chamois Niortais
50%
Charleroi
50%
CSKA Moscou
50%
Dallas
50%
DC United
50%
Fluminense
50%
Hanovre 96
50%
Maccabi Haïfa
50%
Portsmouth
50%
Rio Ave
50%
Séoul
50%
Sparta Prague
50%
Sunderland
50%
Wydad Casablanca
47%
Montréal
46%
Orléans
46%
Espanyol Barcelone
45%
Fenerbahçe
45%
Fortuna Dusseldorf
45%
AZ Alkmaar
44%
Hull City
44%
Palmeiras
43%
Vasco da Gama
43%
Wigan Athletic
43%
Spartak Moscou
42%
Boavista
40%
Brescia
40%
Club Bruges
40%
Guadalajara
40%
Krasnodar
40%
Lucerne
40%
Málaga
40%
Palerme
40%
Real Saragosse
40%
Salernitana
40%
Sivasspor
40%
Whitecaps de Vancouver
40%
Antalyaspor
38%
Arouca
38%
Bolton Wanderers
38%
Cremonese
38%
PAOK
38%
Servette
38%
Sparta Rotterdam
38%
Vitesse Arnhem
38%
Crotone
36%
Maccabi Tel-Aviv
36%
West Bromwich Albion
36%
Alanyaspor
33%
Borrussia Monchengladbach
33%
Chicago Fire
33%
Istanbul Başakşehir
33%
Legia Varsovie
33%
Lokomotiv Moscou
33%
Lugano
33%
Milton Keynes Dons
33%
OHL
33%
Rosenborg
33%
Slovan Bratislava
33%
FCSB
31%
SPAL
31%
Panathinaïkos
30%
Hajduk Split
29%
Leganés
29%
APOEL Nicosie
28%
Coventry City
27%
Ibiza
27%
Partizan
27%
Trabzonspor
27%
Twente
27%
Andorra
25%
Arminia Bielefeld
25%
Benevento
25%
Dynamo Moscou
25%
Greuter Furth
25%
Heart of Midlothian
25%
La Haye
25%
Midtjylland
25%
Orlando City
25%
Paderborn
25%
Penarol
25%
Reading
25%
Sturm Graz
25%
Tigres
25%
Utrecht
25%
AIK
23%
Lausanne
23%
Club León
22%
Moreirense
22%
Portland Timbers
22%
Racing Santander
22%
Real Oviedo
22%
Sporting Kansas City
22%
1860 Munich
21%
Austin
20%
Colorado Rapids
20%
Courtrai
20%
Huddersfield
20%
Internacional
20%
Karlsruher
20%
Nordsjælland
20%
Preston North End
20%
Rapid Vienne
20%
Eupen
19%
Brøndby
18%
Guangzhou Evergrande
18%
Newell's Old Boys
18%
Oxford United
18%
Atlético National
17%
Beijing Guoan
17%
Fortuna Sittard
17%
Heerenveen
17%
Independiente
17%
Ostende
17%
PEC Zwolle
17%
RWDM
17%
San Lorenzo
17%
Sète
17%
Wimbledon
17%
Zulte Waregem
17%
Kaiserslautern
16%
Astana
15%
Grasshopper
15%
Pachuca
15%
ARIS Limassol
14%
Monterrey
14%
Pumas
14%
Sotchi
14%
St. Trond
14%
Wrexham
14%
Zorya Luhansk
14%
Go Ahead Eagles
13%
Houston
13%
Real Salt Lake
13%
Real Unión
13%
Saint-Louis
13%
Shangai Port
13%
Sheffield Wednesday
13%
Union Philadelphie
13%
Willem II
13%
Wolfsberg
13%
Barnsley
11%
Bristol City
11%
Cercle Bruges
11%
Cincinnati
11%
Kawasaki Frontale
11%
Konyaspor
11%
Nashville
11%
Rotherham
11%
Tenerife
11%
Vaduz
11%
Vissel Kobe
11%
Fortaleza
10%
Groningen
10%
Plymouth Argyle
10%
Sarajevo
10%
Vélez
10%
Beerschot
9%
Bocas Juniors
9%
Atlas
8%
Ipswich Town
8%
Malines
8%
Seattle Souders
8%
Sion
8%
SK Beveren
8%
Accrington Stanley
7%
Maribor
7%
Virton
7%
Cracovie
6%
Westerlo
5%
Albacete
0%
Athletico Paranaense
0%
Auckland City
0%
Austria Vienne
0%
Bahia
0%
Burton Albion
0%
Charlotte
0%
Cruz Azul
0%
Dundee
0%
Dynamo Tbilissi
0%
Eintracht Braunschweig
0%
Göteborg
0%
Lierse SK
0%
Lommel
0%
Ludogorets
0%
Lugo
0%
Minnesota United
0%
Nacional
0%
New York RB
0%
Notts County
0%
Peterborough
0%
Pro Vercelli
0%
Raków Częstochowa
0%
Rostov
0%
San José Earthquakes
0%
St. Gallen
0%
Strømsgodset
0%
Vålerenga
0%
Vikingur Reykjavik
0%
Vitória de Guimarães
0%
Wycombe
0%
Zamalek
0%

Distribution des résultats

Percentile par nombre de réponses

% des personnes avec chaque résultat

Votre développement - résultats

Vous n’avez pas pris ce quiz depuis la dernière actualisation